Crítica y comento de la Estafeta de los muertos : (Record no. 183899)

MARC details
000 -LEADER
campo de control de longitud fija 01068nam a2200253 i 4500
001 - NÚMERO DE CONTROL
campo de control 183899
003 - IDENTIFICADOR DE NÚMERO DE CONTROL
campo de control ES-MaACL
005 - FECHA Y HORA DE LA ÚLTIMA TRANSACCIÓN
campo de control 20251004063225.0
008 - DATOS DE LONGITUD FIJA--INFORMACIÓN GENERAL
campo de control de longitud fija 141119s1891 sp |||| | spa d
100 1# - ENTRADA PRINCIPAL--NOMBRE DE PERSONA
Nombre de persona Pí y Molist, Emilio,
Fechas asociadas al nombre 1824-1892
9 (RLIN) 131117
245 10 - MENCIÓN DEL TÍTULO
Título Crítica y comento de la Estafeta de los muertos :
Resto del título opúsculo de los Dres. D. Luis Comenge y D. José de Letamendi ; con un prólogo del Dr. D. Enrique Suénder /
Mención de responsabilidad, etc. por el Dr. D. Emilio Pi y Molist.
250 ## - MENCION DE EDICION
Mención de edición 3ª ed.
260 ## - PUBLICACIÓN, DISTRIBUCIÓN, ETC.
Lugar de publicación, distribución, etc. Madrid :
Nombre del editor, distribuidor, etc. [s.n.],
Fecha de publicación, distribución, etc. 1891 (
Fabricante Imp. de Fortanet)
300 ## - DESCRIPCIÓN FÍSICA
Extensión 24 p. ;
Dimensiones 24 cm.
530 ## - NOTA DISPONIBLE DE FORMULARIO FÍSICO ADICIONAL
Nota de formato físico adicional disponible Disponible en formato digital.
600 17 - PUNTO DE ACCESO ADICIONAL DE MATERIA--NOMBRE DE PERSONA
Nombre de persona Comenge y Ferrer, Luis,
Fechas asociadas al nombre 1854-1916
Fuente del encabezamiento o término
9 (RLIN) 126554
600 14 - PUNTO DE ACCESO ADICIONAL DE MATERIA--NOMBRE DE PERSONA
Nombre de persona Letamendi, José de,
Fechas asociadas al nombre 1828-1897
9 (RLIN) 71873
650 #4 - PUNTO DE ACCESO ADICIONAL DE MATERIA--TÉRMINO DE MATERIA
Término de materia o nombre geográfico como elemento de entrada Médicos-
Subdivisión geográfica España-
Subdivisión de forma Biografías.
9 (RLIN) 144463
700 1# - ENTRADA AGREGADA--NOMBRE PERSONAL
Nombre de persona Suénder, Enrique (
Fechas asociadas al nombre 1829-1897)
9 (RLIN) 108728
740 02 - ENTRADA AGREGADA--TÍTULO RELACIONADO/ANALÍTICO NO CONTROLADO
Título relacionado o analítico no controlado Estafeta de los muertos.
852 ## - LOCALIZACIÓN
Ubicación ES-MaACL
Número de control de estantería T-1111-F-6
856 ## - LOCALIZACIÓN Y ACCESO ELECTRÓNICOS
Identificador Uniforme de Recursos <a href="http://bdh-rd.bne.es/viewer.vm?id=0000149103&page=1 ">http://bdh-rd.bne.es/viewer.vm?id=0000149103&page=1 </a>
Nota pública Biblioteca Digital Hispánica
Holdings
Estatus retirado Estado de pérdida Estado de daño No para préstamo Colección Biblioteca de origen Biblioteca actual Ubicación en estantería Fecha de adquisición Fuente de adquisición Total de préstamos Signatura topográfica completa Código de barras Visto por última vez Precio de reemplazo Tipo de ítem Koha
        Colección de folletos Biblioteca del Ateneo de Madrid Biblioteca del Ateneo de Madrid Depósito folletos 19/11/2014     T-1111-F-6 1193372 23/02/2023 23/02/2023 Folleto